| 000 | 00463nam a22001817a 4500 | ||
|---|---|---|---|
| 005 | 20260410112236.0 | ||
| 008 | 260410b |||||||| |||| 00| 0 eng d | ||
| 037 | _cDSWL | ||
| 040 |
_aDSWL _cDSWL |
||
| 041 | _heng | ||
| 100 | _aDatar, Chhaya | ||
| 245 | _aEcofeminism revisited | ||
| 260 |
_aJaipur, _bRawat Publication, _c2011 |
||
| 300 | _a263p | ||
| 365 |
_aINR _b750 |
||
| 942 |
_2CC _cTEXL _n0 |
||
| 999 |
_c1848201 _d1848201 |
||